| 000 | 00789nam a22002297a 4500 | ||
|---|---|---|---|
| 003 | 0 | ||
| 005 | 20260205090714.0 | ||
| 008 | 260205b xxu||||| |||| 00| 0 eng d | ||
| 020 | _a978-1-407157-53-5 | ||
| 050 |
_aFIC _bSt859 2015 |
||
| 082 |
_aFIC _bSt859 2015 |
||
| 100 | _aStine, R.L. | ||
| 245 |
_aVampire breath / _cR.L. Stine. |
||
| 260 |
_aLondon : _bScholastic Children's Books, _c2015. |
||
| 300 |
_a114 pages ; _c20 cm. |
||
| 440 | _aGoosebumps | ||
| 520 | _aFreddy Martinez and his friend Cara find an empty coffin in Freddy's basement along with a bottle labeled "Vampire Breath," and quickly learn that opening the small, blue bottle was a big mistake. | ||
| 650 | _aHorror fiction. | ||
| 650 | _aChildren's stories. | ||
| 650 | _aVampires fiction. | ||
| 942 |
_2ddc _cBK |
||
| 999 |
_c368795 _d368795 |
||